MARC details
| 000 -CABECERA |
| campo de control de longitud fija |
00928nam a2200253 a 4500 |
| 001 - NÚMERO DE CONTROL |
| campo de control |
000021522 |
| 005 - FECHA Y HORA DE LA ÚLTIMA TRANSACCIÓN |
| campo de control |
20200930011344.0 |
| 008 - DATOS DE LONGITUD FIJA--INFORMACIÓN GENERAL |
| campo de control de longitud fija |
100908s2000 mx a r 001 0 spa d |
| 020 ## - NÚMERO INTERNACIONAL ESTÁNDAR DEL LIBRO |
| Número Internacional Estándar del Libro |
9684443935 |
| 040 ## - FUENTE DE LA CATALOGACIÓN |
| Centro catalogador/agencia de origen |
DO-SdBNP |
| Lengua de catalogación |
spa |
| Centro/agencia transcriptor |
BNPHU |
| 041 17 - CÓDIGO DE LENGUA |
| Código de lengua del texto/banda sonora o título independiente |
spa |
| Código de lengua original |
eng |
| Fuente del código |
Código de idioma MARC |
| 082 ## - NÚMERO DE LA CLASIFICACIÓN DECIMAL DEWEY |
| Número de clasificación |
519.4 |
| Número de documento/Ítem |
G354a, 2000 |
| 100 1# - ENTRADA PRINCIPAL--NOMBRE DE PERSONA |
| Nombre de persona |
Gerald, Curtis F., |
| 9 (RLIN) |
44859 |
| 245 10 - MENCIÓN DE TÍTULO |
| Título |
Análisis numérico con aplicaciones / |
| Mención de responsabilidad, etc. |
Curtis F. Gerald, Patrick O. Wheatley ; traducción Hugo Villagómez Velázquez. |
| 250 ## - MENCIÓN DE EDICIÓN |
| Mención de edición |
6a ed. |
| 260 ## - PUBLICACIÓN, DISTRIBUCIÓN, ETC. |
| Lugar de publicación, distribución, etc. |
México : |
| Nombre del editor, distribuidor, etc. |
Pearson Educación, |
| Fecha de publicación, distribución, etc. |
2000. |
| 300 ## - DESCRIPCIÓN FÍSICA |
| Extensión |
xiv, 698, [54] p. : |
| Otras características físicas |
il. ; |
| Dimensiones |
24 cm. |
| 500 ## - NOTA GENERAL |
| Nota general |
Incluye notas al pie de las páginas. |
| 534 ## - NOTA SOBRE LA VERSIÓN ORIGINAL |
| Frase introductoria |
Título original en inglés: |
| Mención de título del original |
Applied numerical analysis. |
| Publicación, distribución, etc. del original |
1999 |
| 500 ## - NOTA GENERAL |
| Nota general |
Incluye índice |
| 650 24 - PUNTO DE ACCESO ADICIONAL DE MATERIA--TÉRMINO DE MATERIA |
| Término de materia o nombre geográfico como elemento de entrada |
Análisis numérico |
| 9 (RLIN) |
44860 |
| 700 1# - PUNTO DE ACCESO ADICIONAL--NOMBRE DE PERSONA |
| Nombre de persona |
Wheatley, Patrick O., |
| 9 (RLIN) |
44861 |
| 700 1# - PUNTO DE ACCESO ADICIONAL--NOMBRE DE PERSONA |
| Nombre de persona |
Villagómez Velázquez, Hugo, |
| Término indicativo de función/relación |
trad. |
| 9 (RLIN) |
44862 |